000 00695 a2200181 4500
999 _c3134
_d3134
020 _a1858561663
050 0 0 _aLB1139.5.R43
100 1 _aCampbell, Robin
_d1937-
245 1 0 _aLiteracy from home to school :
_breading with Alice /
_cRobin Campbell.
264 _aEngland:
_bTrentham Books,
_c1999
300 _a168 p. :
_bill.
500 _aIncludes bibliographical references (p. 163-168).
504 _aIncludes bibliographical references (p. 163-168).
650 0 _aReading (Early childhood)
650 0 _aLanguage arts (Early childhood)
942 _2lcc
_cBK
_h1139.5
_iCAM
_kLB